World Capitals Closest to Vienna - Statistics

General Stats
  • This quiz has been taken 2,283 times
  • The average score is 16 of 20
Answer Stats
km capital miles % Correct
524 Berlin 326
97%
215 Budapest 133
94%
766 Rome 476
94%
684 Berne 425
93%
251 Prague 156
92%
56 Bratislava 35
89%
557 Warsaw 346
86%
268 Zagreb 167
85%
278 Ljubljana 173
81%
527 Vaduz 327
80%
490 Belgrade 305
78%
509 Sarajevo 316
77%
564 San Marino 350
74%
766 Vatican City 476
67%
820 Sofia 510
65%
813 Tirana 505
63%
797 Skopje 495
62%
722 Pristina 429
61%
681 Podgorica 423
59%
764 Luxembourg 475
57%
No matching quizzes found
Score Distribution
Percent of People with Each Score
Percentile by Number Answered
Your Score History
You have not taken this quiz